000 00411nam a2200181Ia 4500
008 151202s9999||||xx |||||||||||||| ||und||
082 _bPNVM-83207
100 _aROBERTS NORA.
245 _aSavour ever after.
260 _b---
260 _c0
300 _a0
600 _aROBERTS NORA.
630 _aSavour ever after.
700 _aROBERTS NORA.
730 _aSavour ever after.
942 _cBOOK
999 _c1348020
_d1348017